[Event "45th Olympiad 2024"]
[Site "Budapest HUN"]
[Date "2024.09.16"]
[Round "6.71"]
[Board "1"]
[White "Solomon, Joshua"]
[Black "Asabri, Hussien"]
[Result "0-1"]
[WhiteElo "1587"]
[BlackElo "2196"]
[PlyCount "72"]
[EventDate "2024.09.11"]
[WhiteTeam "Antigua and Barbuda"]
[BlackTeam "Libya"]
[BlackTeamCountry "LBY"]

1. d4 Nf6 2. c4 c5 3. d5 d6 4. Nc3 g6 5. Nf3 Bg7 6. e4 O-O 7. Be2 e6 8. O-O exd5 9. cxd5 a6 10. a4 Re8 11. Qc2 Nbd7 12. Bf4 Qe7 ({RR} 12... Ne5 13. Nxe5 dxe5 14. Be3 b6 15. a5 bxa5 16. Na4 Bd7 17. Nxc5 Bb5 18. Bxb5 axb5 19. Nb7 Qd7 20. Nxa5 Bf8 21. Nc6 Rac8 22. Qd3 Rxc6 23. Qxb5 Rc7 24. Qd3 Rb7 25. Ra6 Bg7 26. b3 Reb8 27. Rb1 {1-0 Putri,R (1863)-Ansh,M (2171) Titled Tue 25th Apr Early 2023 (7)}) 13. Rfe1 Nh5 14. Bg5 Bf6 $146 ({RR} 14... Qf8 15. Nd2 h6 16. Be3 Ne5 17. h3 f5 18. f4 Nf7 19. Bxh5 gxh5 20. exf5 Nh8 21. Bf2 Bxf5 22. Qb3 Ng6 23. Rxe8 Rxe8 24. Qc4 Bd7 25. Rf1 h4 26. Nde4 b5 27. axb5 axb5 28. Qd3 Nxf4 29. Qd2 {0-1 Gelzenleichter,S (2154)-Schaefers,A (1888) Moehnesee Cup-A 2005 (1)}) ({RR} 14... Qf8 15. Nd2 h6 16. Be3 Nhf6 17. Nc4 g5 18. a5 Rb8 19. Ra3 Qe7 20. Bd2 Ne5 21. Rb3 Nxc4 22. Bxc4 Ng4 23. Bxa6 Bd4 24. Nd1 Qe5 25. g3 Qf6 26. Be3 Ne5 27. Be2 Bh3 28. f3 Rec8 29. Nf2 {0-1 Maia,M (2190)-Chaves,J (2105) Silvio Mendes Memorial 2004 (8)}) 15. Bh6 Ne5 16. Nxe5 Qxe5 17. Qd2 Bd7 18. Kh1 Rab8 19. f4 Qd4 20. Qc2 Qf2 21. Rf1 Qh4 22. Qd3 b5 23. Qf3 b4 24. Nd1 Rxe4 25. Rf2 Rxe2 26. Rxe2 Bg4 27. Qe3 Bxe2 28. g3 Qg4 29. Nf2 Qf3+ 30. Qxf3 Bxf3+ 31. Kg1 Bxb2 32. Re1 Bd4 33. Kf1 b3 34. g4 Nf6 35. g5 Nxd5 36. f5 Ne3+ 0-1

[Event "45th Olympiad 2024"]
[Site "Budapest HUN"]
[Date "2024.09.16"]
[Round "6.71"]
[Board "2"]
[White "Alhassadi, Yousef A."]
[Black "Matthew Bailey"]
[Result "1-0"]
[WhiteElo "2082"]
[BlackElo "1548"]
[PlyCount "51"]
[EventDate "2024.09.11"]
[WhiteTeam "Libya"]
[BlackTeam "Antigua and Barbuda"]
[WhiteTeamCountry "LBY"]

1. e4 c6 2. Nf3 d5 3. exd5 cxd5 4. Ne5 Nc6 5. Bb5 Bd7 6. Bxc6 bxc6 7. d4 Nf6 8. O-O e6 9. Bg5 Be7 10. Nc3 $146 ({RR} 10. Nd2 O-O 11. Nb3 h6 12. Bh4 Qc7 13. f4 Rfe8 14. c3 Kf8 15. Bxf6 Bxf6 16. Qh5 Re7 17. g4 Bxe5 18. fxe5 Kg8 19. Rf3 Be8 20. Qh4 f6 21. exf6 Rf7 22. Raf1 g6 23. Qxh6 Rh7 24. Qf4 {1-0 Salama,A (1927)-Cirilo,G (1799) Sao Paulo Hebraica 5th 2008 (6)}) ({RR} 10. Nd2 c5 11. dxc5 Bb5 12. c4 dxc4 13. a4 Ba6 14. Nc6 Qc7 15. Nxe7 Kxe7 16. Ne4 Rhd8 17. Qf3 Qe5 18. Rfe1 Bb7 19. c6 Bxc6 20. Qa3+ Rd6 21. Rad1 Bxe4 22. f4 Qd5 23. Rxd5 exd5 24. f5 Kd7 {1-0 Dolzhykova,K (2259)-Peglau,C (2054) Int Open ch-GER Women 2024 (6.6)}) ({RR} 10. Nd2 O-O 11. Re1 h6 12. Bxf6 Bxf6 13. Ndf3 Be7 14. Re3 Rb8 15. b3 Be8 16. Nd3 Qc8 17. c3 Bd6 18. Qe2 c5 19. dxc5 Bxc5 20. Nxc5 Qxc5 21. Qd2 a5 22. Rae1 a4 23. Nd4 axb3 24. axb3 Qd6 {1-0 Kostic,V (2255)-Sreyas,P (2259) Novi Sad TS Mix 216th 2021 (9)}) 10... O-O 11. Na4 Ne4 12. Bxe7 Qxe7 13. f3 Nd6 14. Re1 f6 15. Nxd7 Qxd7 16. Nc5 Qf7 17. Rxe6 Rad8 18. Qd3 Qh5 19. Rae1 Qh4 20. R6e2 Rb8 21. Nd7 Rbe8 22. Nxf8 Rxf8 23. c3 f5 24. Qa6 f4 25. Qxc6 Qd8 26. Qxd5+ 1-0

[Event "45th Olympiad 2024"]
[Site "Budapest HUN"]
[Date "2024.09.16"]
[Round "6.71"]
[Board "3"]
[White "Farquhar, Abner"]
[Black "Naser Eldean, Ahmed"]
[Result "0-1"]
[WhiteElo "1678"]
[BlackElo "1981"]
[PlyCount "174"]
[EventDate "2024.09.11"]
[WhiteTeam "Antigua and Barbuda"]
[BlackTeam "Libya"]
[BlackTeamCountry "LBY"]

1. d4 Nf6 2. Nf3 g6 3. Nc3 d5 4. Bf4 Bg7 5. e3 O-O 6. Be2 c5 7. O-O cxd4 8. exd4 Nc6 9. Ne5 Qb6 10. Nxc6 Qxc6 11. Be5 ({RR} 11. Bb5 Qb6 12. a4 a6 13. a5 Qd8 14. Be2 Bf5 15. Be5 Rc8 16. Ra3 Ne4 17. Bxg7 Nxc3 18. Rxc3 Kxg7 19. Rxc8 Qxc8 20. Bd3 Bxd3 21. Qxd3 Qc7 22. Ra1 Rd8 23. c3 Rd6 24. g3 Rc6 25. Kg2 h5 {½-½ Ortega,L (2429)-Banikas,H (2588) ITA-chT Final 53rd 2022 (1.2)}) 11... Bf5 12. Qd2 $146 ({RR} 12. Bd3 Bxd3 13. Qxd3 Rac8 14. a4 Ne4 15. Bxg7 Kxg7 16. Ra3 Nxc3 17. bxc3 b6 18. Rb1 Qd6 19. Rbb3 Rc4 20. Ra1 Rfc8 21. g3 Qc6 22. a5 Rxc3 23. Qe2 Rxc2 24. Qe5+ Qf6 25. Qxf6+ Kxf6 26. axb6 axb6 {0-1 Bareev,E (2634)-Polgar,J (2680) Wch Blitz 4th 2009 (7)}) ({RR} 12. Bf3 Rfd8 13. Re1 b5 14. a3 a5 15. Qe2 b4 16. axb4 axb4 17. Rxa8 Rxa8 18. Nxd5 Nxd5 19. Bxg7 Kxg7 20. Qe5+ f6 21. Qxd5 Qxd5 22. Bxd5 Rd8 23. Be4 Rxd4 24. Bxf5 gxf5 25. Rxe7+ Kf8 26. Re1 Rd2 {½-½ Kazakov,K (2302)-Ibrayev,G (2196) KAZ-ch qual Astana 2012 (3)}) 12... a6 13. a4 Rfd8 14. Rac1 Rac8 15. Rfd1 Qb6 16. b3 Qc6 17. Bxf6 Qxf6 18. Nb1 Qh4 19. g3 Qf6 20. c3 h5 21. Bd3 Bg4 22. Be2 Be6 23. Qe3 Kh7 24. f4 Bh6 25. Rc2 Rc6 26. b4 Bf5 27. Bd3 Rdc8 28. Bxf5 Qxf5 29. Qd3 Qf6 30. Nd2 Qf5 31. Nf3 Qxd3 32. Rxd3 f6 33. Nd2 Bf8 34. Nb1 Rc4 35. Re2 Kg7 36. Re6 R8c6 37. Rxc6 Rxc6 38. Kf1 e6 39. Nd2 Kf7 40. Ke2 a5 41. b5 Rc8 42. Rf3 b6 43. Kd3 Bd6 44. Rf1 Kg7 45. Re1 Kf7 46. Rc1 Ba3 47. Rc2 h4 48. c4 Bb4 49. cxd5 Rxc2 50. Kxc2 exd5 51. Nf3 hxg3 52. hxg3 Ke6 53. Nh4 Kf7 54. Ng2 Bd6 55. g4 Bc7 56. Ne3 Ke6 57. f5+ gxf5 58. gxf5+ Kd6 59. Kd3 Bd8 60. Ke2 Be7 61. Kf3 Bf8 62. Ng4 Kd7 63. Nxf6+ Kd6 64. Ng4 Bg7 65. f6 Bf8 66. Kf4 Ke6 67. Kg5 Bb4 68. Kg6 Bd6 69. Kg7 Kf5 70. Ne5 Ke4 71. Nc6 Kd3 72. f7 Kc3 73. f8=Q Bxf8+ 74. Kxf8 Kb3 75. Ke7 Kxa4 76. Na7 Kb3 77. Nc8 a4 78. Nxb6 a3 79. Nxd5 a2 80. Nc7 a1=Q 81. d5 Qa7 82. d6 Kc4 83. Kd8 Kc5 84. Kc8 Kxd6 85. Ne8+ Kc5 86. Kd8 Kxb5 87. Nd6+ Kc6 0-1

[Event "45th Olympiad 2024"]
[Site "Budapest HUN"]
[Date "2024.09.16"]
[Round "6.71"]
[Board "4"]
[White "Elshaafi, Ali"]
[Black "Solomon, Jonathan"]
[Result "1-0"]
[WhiteElo "1984"]
[BlackElo "1536"]
[PlyCount "97"]
[EventDate "2024.09.11"]
[WhiteTeam "Libya"]
[BlackTeam "Antigua and Barbuda"]
[WhiteTeamCountry "LBY"]

1. e4 c6 2. d4 d5 3. exd5 cxd5 4. Bd3 Nf6 5. h3 e6 6. Nf3 Nc6 7. c3 Be7 8. O-O O-O 9. Re1 ({RR} 9. Bf4 b6 10. Re1 Bb7 11. Nbd2 a5 12. a4 Ba6 13. Bc2 Rc8 14. Ne5 Nd7 15. Ndf3 Ndxe5 16. dxe5 g6 17. Bh6 Re8 18. Qd2 f5 19. exf6 Bxf6 20. Ng5 Ne5 21. Qf4 Bd3 22. Rxe5 Bxc2 23. Rxe6 Rxe6 {1-0 Ulybin,M (2521)-Kantorik,M (2320) Zagreb op-A 2011 (1)}) 9... b6 10. Bg5 $146 ({RR} 10. Nbd2 Bb7 11. Nf1 Qc7 12. Bg5 Rac8 13. Rc1 a6 14. Bh4 b5 15. Bg3 Bd6 16. Bxd6 Qxd6 17. Ng3 Rc7 18. Ne5 Rfc8 19. Qd2 b4 20. Nxc6 bxc3 21. Rxc3 Rxc6 22. Rec1 g6 23. a3 Rxc3 24. Rxc3 Rxc3 {1-0 Stanishevsky,A-Bykovskikh,V (1906) Barnaul-ch 2015 (1)}) ({RR} 10. Nbd2 Bb7 11. Nf1 h6 12. Ng3 Rc8 13. Bf4 Na5 14. Ne5 Nc4 15. Qe2 b5 16. Rad1 a6 17. a3 Nd6 18. Bb1 Nde4 19. Nh5 Bd6 20. Bh2 Bxe5 21. dxe5 Nxh5 22. Qxh5 Qg5 23. Qe2 Rc4 24. Bd3 Rcc8 {1-0 Ternault,M (2320)-Kekic,A (2138) Titled Tue 7th May Early 2024 (2)}) ({RR} 10. Nbd2 Bb7 11. Nf1 Rc8 12. Bg5 Ne4 13. Bxe7 Nxe7 14. N1d2 f5 15. Ne5 Rf6 16. Ndf3 Rc7 17. Qa4 Nc8 18. Bb5 Ncd6 19. Nc6 Qa8 20. Nfe5 Nxb5 21. Qxb5 Bxc6 {0-1 Rouleau,P-Latendresse,S (2065) Montreal op1 2003 (2)}) 10... a5 11. Nbd2 Ba6 12. Bb1 Rc8 13. Qc2 Nb4 14. Qd1 Nd3 15. Re3 Nxb2 16. Qc2 Nd3 17. Bxf6 Bxf6 18. a4 g6 19. Rxd3 Bxd3 20. Qxd3 Qc7 21. Ra3 Rfd8 22. Qe3 Bg7 23. Bd3 Rd6 24. Ba6 Ra8 25. Bb5 Rc8 26. h4 Qe7 27. h5 Qf8 28. hxg6 hxg6 29. Ne5 Rdd8 30. Rb3 Qd6 31. f4 Rc7 32. Qh3 Bxe5 33. fxe5 Qe7 34. Qh6 Qf8 35. Qg5 Qe7 36. Qxe7 Rxe7 37. Ba6 Rb8 38. c4 dxc4 39. Nxc4 Rd7 40. Nd6 Rc7 41. Bc4 Kg7 42. Kf2 Kf8 43. Rh3 Kg7 44. Ke2 Rd8 45. Kd2 Rxd6 46. exd6 Rxc4 47. d7 Rxa4 48. d8=Q Ra2+ 49. Kc1 1-0

[Event "45th Olympiad 2024"]
[Site "Budapest HUN"]
[Date "2024.09.16"]
[Round "6.72"]
[Board "3"]
[White "Wong, Kai Meng"]
[Black "Soliz Gabarrete, Luis Fernando"]
[Result "0-1"]
[WhiteElo "1795"]
[BlackElo "1920"]
[PlyCount "104"]
[EventDate "2024.09.11"]
[WhiteTeam "Macau, China"]
[BlackTeam "Honduras"]
[BlackTeamCountry "HON"]

1. d4 d5 2. c4 e6 3. a3 Nf6 4. Nf3 c6 5. e3 Nbd7 6. Nc3 Bd6 7. Bd3 O-O 8. O-O dxc4 9. Bxc4 b5 ({RR} 9... e5 10. e4 exd4 11. Qxd4 Qc7 12. Bg5 Ne5 13. Bxf6 gxf6 14. Kh1 c5 15. Qd5 Be6 16. Nxe5 Bxd5 17. Nxd5 Qc8 18. Nxf6+ Kh8 19. Nxf7+ Rxf7 20. Bxf7 Qf8 21. Ne8 Be5 22. Bh5 Qh6 23. g4 Qf4 24. Kg2 {0-1 Shengelia,D (2567)-Sargissian,G (2675) Dubai op 12th 2010 (9)}) ({RR} 9... Qe7 10. e4 e5 11. Bg5 exd4 12. Qxd4 Ne5 13. Nxe5 Bxe5 14. Qd3 Bxh2+ 15. Kh1 Be5 16. f4 Bxc3 17. Qxc3 h6 18. Bh4 Qxe4 19. Bxf6 gxf6 20. Bd3 Qd5 21. f5 Rd8 22. Rf3 Qe5 23. Qb4 Rd4 24. Qc3 {0-1 Kim,S (2295)-Rom,J (2202) Titled Tue 9th May Early 2023 (5)}) ({RR} 9... e5 10. Ng5 Qe7 11. f4 exd4 12. exd4 Nb6 13. Re1 Qc7 14. Bxf7+ Rxf7 15. Nxf7 Qxf7 16. a4 Bg4 17. Qd3 Rd8 18. h3 Be6 19. a5 Bc4 20. Qc2 Bb3 21. Qd3 Nbd7 22. Nb1 Nc5 23. Qf3 Bd5 24. Qf1 {0-1 Wong,K (1712)-Oliveira,J (2256) Universiad Men 26th 2011 (2)}) 10. Bd3 a6 11. e4 $146 ({RR} 11. h3 Bb7 12. Re1 c5 13. e4 cxd4 14. Nxd4 Ne5 15. Bc2 Bc5 16. Nb3 Qxd1 17. Nxd1 Bb6 18. Be3 Bxe3 19. Rxe3 Rac8 20. Rc1 Rfd8 21. Re1 Nc4 22. Bb1 Kf8 23. f3 Nh5 24. Rc2 Nf4 25. Rf2 e5 {½-½ Lefevre,S-Sjol,H (1904) NATO-ch 18th 2007 (4)}) ({RR} 11. Qc2 Bb7 12. Rd1 Qc7 13. h3 h6 14. e4 e5 15. Be3 c5 16. d5 Kh7 17. Qd2 Ng8 18. Nh4 g6 19. Bc2 Nb6 20. b3 Qe7 21. g3 Bc8 22. Kg2 g5 23. Nf5 Bxf5 24. exf5 Kh8 25. g4 Nf6 {0-1 Yanez,J (2250)-Cardenas,F Lima 1997 (4)}) 11... e5 12. Bg5 h6 13. Bh4 Re8 14. Re1 c5 15. dxc5 Nxc5 16. Nd5 g5 17. Nxf6+ Qxf6 18. Bg3 Bg4 19. Bc2 Bxf3 20. Qxf3 Qxf3 21. gxf3 Ne6 22. Kg2 Nd4 23. Bd3 Kg7 24. h4 f6 25. Rad1 Rad8 26. Bb1 Bc5 27. Ba2 Nc2 28. Rh1 Rxd1 29. Rxd1 Nd4 30. hxg5 hxg5 31. Bd5 Re7 32. Rc1 Rc7 33. f4 exf4 34. Bh2 Bd6 35. Rxc7+ Bxc7 36. f3 g4 37. Bg1 Nxf3 38. Bc5 Nh4+ 39. Kf1 g3 40. Bb7 a5 41. b4 f3 42. bxa5 g2+ 43. Kf2 Bh2 44. Ke1 Bg3+ 45. Kd2 f2 46. a6 g1=Q 47. a7 Qe1+ 48. Kc2 f1=Q 49. Bf8+ Kxf8 50. a8=Q+ Kg7 51. Bd5 Qb1+ 52. Kc3 Qfd3# 0-1

[Event "45th Olympiad 2024"]
[Site "Budapest HUN"]
[Date "2024.09.16"]
[Round "6.73"]
[Board "3"]
[White "Zaw, Ye Htut"]
[Black "Gumireddy, Sanjay"]
[Result "1-0"]
[WhiteElo "1815"]
[BlackElo "1907"]
[PlyCount "61"]
[EventDate "2024.09.11"]
[WhiteTeam "Myanmar"]
[BlackTeam "Isle of Man"]
[WhiteTeamCountry "MYA"]
[BlackTeamCountry "IOM"]

1. e4 d6 2. d4 Nf6 3. Nc3 Nbd7 4. Nf3 e5 5. dxe5 dxe5 6. Bc4 Bb4 7. O-O c6 ({RR} 7... Bxc3 8. bxc3 Qe7 9. Qe2 O-O 10. a4 b6 11. Ba3 c5 12. Nd2 Rd8 13. Bd3 Nf8 14. Nc4 Ng6 15. g3 Qe6 16. Ne3 Bb7 17. f3 Ne7 18. a5 h5 19. Rfb1 h4 20. Nc4 hxg3 21. hxg3 Nh5 22. Qh2 {½-½ Rozentalis,E (2570)-Belkhodja,S (2440) Kilkenny Norkom op 2000 (3)}) 8. a3 Bxc3 9. bxc3 O-O 10. Re1 $146 ({RR} 10. Qe2 b5 11. Ba2 Qc7 12. Nh4 Nc5 13. f3 Qe7 14. Be3 Na4 15. Qf2 Re8 16. c4 a6 17. Bb3 Nh5 18. g3 Rd8 19. Rfe1 Be6 20. Nf5 Qf6 21. g4 Nf4 22. Bxf4 Bxf5 23. g5 Qd6 24. Be3 Be6 {½-½ Coupet,P (2275)-Dragomirescu,A Parthenay op 1992 (7)}) ({RR} 10. Qe2 Qa5 11. Rb1 Nb6 12. Bd3 Bg4 13. c4 Qc5 14. Bd2 Qe7 15. h3 Bxf3 16. Qxf3 Nfd7 17. Bb4 Nc5 18. Qe3 Nbd7 19. Rfd1 a5 20. Bc3 Rfd8 21. Be2 Nf8 22. Kf1 Rxd1+ 23. Rxd1 Na4 24. Ba1 Nd7 {0-1 Yonal,T (2074)-Williams,S (2467) Titled Tue 16th Apr Early 2024 (4)}) ({RR} 10. Qe2 b5 11. Bb3 Qc7 12. Bg5 h6 13. Bh4 a5 14. c4 Ba6 15. Rfd1 b4 16. axb4 axb4 17. h3 c5 18. Nh2 Bb7 19. Rxa8 Rxa8 20. f3 Nh5 21. Ng4 Bc6 22. Ne3 Nf4 23. Qd2 g6 24. Kh2 Kg7 {0-1 Vulevic,V (2299)-Schmidt Schaeffer,S (2356) Basel Hilton op 15th 2013 (6)}) 10... Qa5 11. Ba2 b6 12. Bg5 Bb7 13. Bxf6 Nxf6 14. Qd6 Qxc3 15. Nxe5 Rae8 16. Nxf7 Rxf7 17. Qc7 Nd5 18. Bxd5 Qxe1+ 19. Rxe1 cxd5 20. Qc3 dxe4 21. f3 Rc8 22. Qb3 exf3 23. gxf3 Kf8 24. Qb4+ Rc5 25. Re5 Rfc7 26. Rxc5 Rxc5 27. Qf4+ Ke7 28. Qb8 Bxf3 29. Qxa7+ Kf6 30. Qxb6+ Rc6 31. Qf2 1-0

[Event "45th Olympiad 2024"]
[Site "Budapest HUN"]
[Date "2024.09.16"]
[Round "6.75"]
[Board "3"]
[White "Amba Oyon Marius Claude"]
[Black "Pillay, Ragul"]
[Result "1-0"]
[WhiteElo "1975"]
[BlackElo "1633"]
[PlyCount "75"]
[EventDate "2024.09.11"]
[WhiteTeam "Cameroon"]
[BlackTeam "Seychelles"]
[WhiteTeamCountry "CAM"]
[BlackTeamCountry "SEY"]

1. e4 c5 2. Nf3 d6 3. d4 cxd4 4. Nxd4 g6 5. Nc3 Bg7 6. Be3 Nf6 7. Be2 O-O 8. O-O Nc6 9. Kh1 Bd7 10. f4 Nxd4 11. Bxd4 Bc6 12. Bf3 Qd7 ({RR} 12... Nd7 13. Bxg7 Kxg7 14. Qd2 Qb6 15. b3 a5 16. Rae1 Rad8 17. Nd5 Bxd5 18. exd5 Rfe8 19. Re2 Rc8 20. c4 Qb4 21. Qb2+ Kg8 22. Bg4 f5 23. Bf3 b5 24. g4 bxc4 25. gxf5 cxb3 26. fxg6 Nf6 27. Rxe7 {1-0 Benjamin,J (2545)-Piket,J (2500) Hoogovens Wijk aan Zee 1989 (9)}) ({RR} 12... b5 13. Qd3 b4 14. Nd5 Nxd5 15. exd5 Bxd4 16. Qxd4 Bb5 17. Rfe1 a5 18. a3 bxa3 19. Rxa3 Qc7 20. Be4 Rfc8 21. f5 Qc5 22. Qd2 Qb4 23. Qc1 Ba4 24. Rae3 Qd4 25. c3 Qf6 26. fxg6 hxg6 27. Rf3 {½-½ Sahin,O (2190)-Ulasevich,S (2213) 3rd Sat Djenovici IM V 2023 (7.5)}) 13. g4 $146 ({RR} 13. a4 Ne8 14. Bxg7 Nxg7 15. b4 b6 16. Qd2 Rac8 17. b5 Bb7 18. e5 Rfd8 19. exd6 Bxf3 20. Rxf3 Qxd6 21. Rd3 Qb8 22. Nd5 Kf8 23. Re1 Rd7 24. g3 Qb7 25. Kg1 Rcd8 26. Nb4 Rxd3 27. cxd3 Nf5 {1-0 Pekar,F-Nejedly,J Decin op-B 1995 (5)}) ({RR} 13. e5 dxe5 14. Bxe5 Rfd8 15. Bxc6 Qxc6 16. Qe2 e6 17. Rad1 a6 18. Rd3 Rd7 19. Rxd7 Nxd7 20. Rd1 Bxe5 21. fxe5 Qc7 22. Rd6 Rd8 23. Qd2 Kf8 24. Ne4 Ke8 25. Rxd7 Rxd7 26. Nf6+ Ke7 27. Qb4+ Rd6 {1-0 Kasapchuk,A-Ilina,N UKR-ch U12 Girls 2010 (9)}) 13... Rfe8 14. g5 Nh5 15. Bg4 e6 16. Bxh5 Bxd4 17. Qxd4 gxh5 18. Rad1 e5 19. Qe3 Qg4 20. f5 Kh8 21. Rd2 h4 22. Rg2 Qh5 23. g6 Rg8 24. g7+ Rxg7 25. Rxg7 Kxg7 26. f6+ Kh8 27. Qf3 Qxf3+ 28. Rxf3 Rg8 29. Rd3 Rd8 30. Kg2 h6 31. Kh3 Kh7 32. Kxh4 Kg6 33. Rf3 d5 34. exd5 e4 35. Rg3+ Kxf6 36. dxc6 bxc6 37. Re3 Rd2 38. Nxe4+ 1-0

[Event "45th Olympiad 2024"]
[Site "Budapest HUN"]
[Date "2024.09.16"]
[Round "6.76"]
[Board "1"]
[White "Aziz, Husain"]
[Black "Mompel Ferruz, Xavier"]
[Result "1/2-1/2"]
[WhiteElo "2340"]
[BlackElo "2273"]
[PlyCount "50"]
[EventDate "2024.09.11"]
[WhiteTeam "Qatar"]
[BlackTeam "Equatorial Guinea"]
[WhiteTeamCountry "QAT"]

1. d4 d5 2. Nf3 Nf6 3. Bf4 c5 4. e3 Nc6 5. Nbd2 Bg4 6. c3 e6 7. Qb3 Qc8 8. h3 Bh5 9. Be2 Be7 10. O-O ({RR} 10. g4 Bg6 11. Nh4 Be4 12. f3 c4 13. Qd1 Nh5 14. gxh5 Bxh4+ 15. Kf1 Bd3 16. Bxd3 cxd3 17. Kg2 Qd8 18. Nf1 Qe7 19. Qxd3 Rd8 20. Rg1 f5 21. Kh2 Qf7 22. Nd2 Bf6 23. Bg5 Qxh5 24. Bxf6 gxf6 {½-½ Firouzja,A (2737)-Caruana,F (2805) 12th Norway Chess 2024 (2.2)}) 10... O-O 11. Rfe1 c4 $146 ({RR} 11... a6 12. Ne5 Bxe2 13. Rxe2 Nd7 14. Ndf3 Ndxe5 15. Nxe5 b5 16. a3 Rd8 17. Bg3 Nxe5 18. Bxe5 Qc6 19. Rae1 Bf8 20. e4 Rac8 21. exd5 Rxd5 22. dxc5 Bxc5 23. Qc2 f6 24. Bg3 e5 25. Kh1 Rcd8 26. c4 {0-1 Hesse,P (2355)-Boensch,U (2445) DDR-ch34 Final 1985 (13)}) ({RR} 11... a6 12. dxc5 Bxc5 13. c4 d4 14. exd4 Bxd4 15. Bd6 Rd8 16. c5 b6 17. Nc4 bxc5 18. Nb6 Qb7 19. Nxa8 Qxa8 20. Bf4 Ne4 21. Be3 Rb8 22. Qa4 Rxb2 23. Nxd4 cxd4 24. Bxh5 dxe3 25. Rxe3 Nxf2 26. Bf3 {1-0 Kvaloy,A (2443)-Kanyamarala,T (2286) Kragero Resort Chess 2024 (5.17)}) ({RR} 11... h6 12. Rac1 c4 13. Qd1 Bg6 14. Ne5 Nxe5 15. Bxe5 b5 16. Bf3 Qd7 17. e4 Rfd8 18. exd5 exd5 19. Nf1 Ne4 20. Bf4 b4 21. Ne3 bxc3 22. bxc3 Ba3 23. Rc2 Nf6 24. Rd2 Ne4 25. Bxe4 Bxe4 26. Nxc4 {1-0 Le,T (2501)-Gharibyan,M (2381) Titled Tuesday intern op 7th Januar blitz 2020 (6)}) 12. Qd1 b5 13. Ne5 Bxe2 14. Qxe2 Nxe5 15. Bxe5 Qc6 16. Bxf6 Bxf6 17. e4 dxe4 18. Nxe4 Be7 19. Qf3 Rfc8 20. Re2 a5 21. Rae1 Qd5 22. Nd2 Bf6 23. Ne4 Be7 24. Nd2 Bf6 25. Ne4 Be7 1/2-1/2

[Event "45th Olympiad 2024"]
[Site "Budapest HUN"]
[Date "2024.09.16"]
[Round "6.76"]
[Board "2"]
[White "Oscar Naranjo Gonzalez"]
[Black "Erfan, Mohamad Firdaus"]
[Result "0-1"]
[WhiteElo "1861"]
[BlackElo "1758"]
[PlyCount "74"]
[EventDate "2024.09.11"]
[WhiteTeam "Equatorial Guinea"]
[BlackTeam "Qatar"]
[BlackTeamCountry "QAT"]

1. e4 e5 2. Nf3 Nc6 3. Bb5 a6 4. Ba4 Nf6 5. Qe2 b5 6. Bb3 Bc5 7. a4 Rb8 8. axb5 axb5 9. Nc3 b4 10. Nd5 O-O 11. d3 Nxd5 12. Bxd5 Nd4 13. Nxd4 Bxd4 14. O-O c6 15. Bb3 d5 16. Kh1 $146 ({RR} 16. Qh5 Be6 17. Ra4 Qd6 18. Kh1 f5 19. f4 fxe4 20. f5 Bxf5 21. Rxf5 Rxf5 22. Qxf5 Rf8 23. dxe4 g6 24. Qf3 Rxf3 25. gxf3 Qf6 26. Kg2 Qh4 27. exd5 Qf2+ {0-1 Strobel,W (2210)-Hofstetter,H (2153) Regionalliga NW 0304 2003 (8.1)}) ({RR} 16. exd5 cxd5 17. Ra2 Qf6 18. Be3 Bxe3 19. fxe3 Qd6 20. e4 dxe4 21. Qxe4 Bb7 22. Qc4 Qg6 23. Rf2 h6 24. Ra1 Bc8 25. Raf1 Be6 26. Qc7 Bxb3 27. cxb3 Rbc8 28. Qxe5 Qxd3 29. Qa5 Qxb3 30. Qa7 Rc2 {0-1 Rouast,J (2105)-Kriti,M (1787) Titled Tue 16th Apr Early 2024 (7)}) 16... dxe4 17. dxe4 Qh4 18. f4 Bg4 19. Qe1 Qxe1 20. Rxe1 Be6 21. Ra6 Bxb3 22. cxb3 Rfc8 23. g3 f6 24. Kg2 c5 25. fxe5 fxe5 26. Re2 c4 27. bxc4 Rxc4 28. Ra1 Rbc8 29. Be3 Rc2 30. Kf1 Bxe3 31. Rxe3 Rxh2 32. Kg1 Rxb2 33. Rf3 b3 34. Ra7 Rc1+ 35. Rf1 Rxf1+ 36. Kxf1 Ra2 37. Rb7 b2 0-1

[Event "45th Olympiad 2024"]
[Site "Budapest HUN"]
[Date "2024.09.16"]
[Round "6.77"]
[Board "1"]
[White "Mahamat Hachim Bachar"]
[Black "Murphy, Jones"]
[Result "0-1"]
[WhiteElo "1872"]
[BlackElo "2021"]
[PlyCount "96"]
[EventDate "2024.09.11"]
[WhiteTeam "Chad"]
[BlackTeam "Dominica"]
[WhiteTeamCountry "CHD"]

1. e4 {Bulletin} e5 2. d4 exd4 3. c3 d5 4. exd5 Qxd5 5. Nf3 Nc6 6. cxd4 Bg4 7. Be2 Nf6 8. Nc3 Bb4 9. O-O Bxc3 10. bxc3 O-O 11. c4 Qd6 ({RR} 11... Qe4 12. Bb2 Rfe8 13. Re1 Nb4 14. Bf1 Qf5 15. Rxe8+ Rxe8 16. Qa4 Bxf3 17. Qxb4 Ne4 18. Re1 Bxg2 19. Bxg2 Qxf2+ 20. Kh1 Ng3+ 21. hxg3 Rxe1+ 22. Kh2 h5 23. Bc3 Re2 24. Qxb7 h4 25. Qc8+ Kh7 26. Qh3 {0-1 Leve,N (2128)-Aravindh,C (2662) Titled Tue 6th Feb Early 2024 (9)}) 12. d5 ({RR} 12. Be3 Rfe8 13. d5 Ne5 14. Nxe5 Bxe2 15. Nxf7 Qxh2+ 16. Kxh2 Bxd1 17. Raxd1 Kxf7 18. Bf4 Rac8 19. f3 b6 20. Rfe1 h6 21. Rxe8 Kxe8 22. g4 Kd7 23. Kg3 Re8 24. Bd2 Re2 25. a4 Ne8 26. Bc3 Rc2 {½-½ Theodorou,N (2577)-Sadhwani,R (2616) Wch Blitz Warsaw 2021 (2)}) 12... Ne5 $146 ({RR} 12... Bxf3 13. Bxf3 Ne5 14. Be2 Rfe8 15. Be3 c6 16. Qd4 cxd5 17. Rfd1 Nc6 18. Qb2 d4 19. Bf3 Ne5 20. Qxb7 Rab8 21. Qxa7 Nxf3+ 22. gxf3 Qc6 23. Qxd4 Qxf3 24. Qf4 Qc6 25. Rd6 Qe4 26. c5 ({RR} 26. Qxe4 Nxe4 27. Rd7) 26... Rb1+ 27. Rxb1 {½-½ Obkircher,C (1925)-Tinkhauser,H (1670) AUT-chT 9596 1995 (6)} ({RR} 27. Rd1 Rxd1+ 28. Rxd1)) ({RR} 12... Bxf3 13. Bxf3 Ne5 14. Qb3 Rfe8 15. Ba3 Qb6 16. Qc3 Nxf3+ 17. Qxf3 Qd4 18. Qb3 b6 19. Bb2 Qf4 20. Qd3 Ng4 21. g3 Ne5 22. Bxe5 Qxe5 23. Qd2 Rad8 24. Rae1 Qd6 25. Rxe8+ Rxe8 26. Re1 Kf8 27. Rxe8+ {0-1 Markhot,Z (1999)-Schenkerik,C (2162) HUN-chT2 Breyer 0405 2004 (1)}) 13. Nxe5 Qxe5 14. Be3 Bxe2 15. Qxe2 Rfe8 16. Rfe1 Re7 17. Qd3 Ng4 18. f4 Qh5 19. h3 Nxe3 20. Rxe3 Rae8 21. Rae1 Qh4 22. g3 Qf6 23. c5 Rxe3 24. Rxe3 Rxe3 25. Qxe3 Qa1+ 26. Kf2 Qxa2+ 27. Kg1 Qb1+ 28. Kf2 Qc2+ 29. Ke1 Qb1+ 30. Kf2 Kf8 31. Qa3 a6 32. c6+ Ke8 33. Qe3+ Kd8 34. Qc5 Qb6 35. Qxb6 cxb6 36. cxb7 Kc7 37. b8=Q+ Kxb8 38. Ke3 Kc7 39. Kd4 Kd6 40. f5 b5 41. g4 a5 42. g5 a4 43. h4 a3 44. Kc3 b4+ 45. Kb3 Kxd5 46. h5 g6 47. fxg6 fxg6 48. hxg6 hxg6 0-1